<?xml version="1.0" encoding="UTF-8"?>
<record
    xmlns:xsi="http://www.w3.org/2001/XMLSchema-instance"
    xsi:schemaLocation="http://www.loc.gov/MARC21/slim http://www.loc.gov/standards/marcxml/schema/MARC21slim.xsd"
    xmlns="http://www.loc.gov/MARC21/slim">

  <leader>01056cam a22002531  4500</leader>
  <controlfield tag="001">sa 68012295 </controlfield>
  <controlfield tag="003">DLC</controlfield>
  <controlfield tag="005">20260227112608.0</controlfield>
  <controlfield tag="008">901026q19601968ii            000 0 arar </controlfield>
  <datafield tag="010" ind1=" " ind2=" ">
    <subfield code="a">sa 68012295 </subfield>
  </datafield>
  <datafield tag="025" ind1=" " ind2=" ">
    <subfield code="a">PL480:I-Ar-59</subfield>
  </datafield>
  <datafield tag="035" ind1=" " ind2=" ">
    <subfield code="a">(OCoLC)22590152</subfield>
  </datafield>
  <datafield tag="040" ind1=" " ind2=" ">
    <subfield code="a">DLC</subfield>
    <subfield code="c">WaU</subfield>
    <subfield code="d">DLC</subfield>
  </datafield>
  <datafield tag="042" ind1=" " ind2=" ">
    <subfield code="a">premarc</subfield>
  </datafield>
  <datafield tag="050" ind1="0" ind2="0">
    <subfield code="a">PJ6161</subfield>
    <subfield code="b">.T35 1960z</subfield>
  </datafield>
  <datafield tag="100" ind1="1" ind2=" ">
    <subfield code="a">Taft&#x101;z&#x101;n&#x12B;, Mas&#x2BB;&#x16B;d ibn &#x2BB;Umar,</subfield>
    <subfield code="d">1322-1389?</subfield>
  </datafield>
  <datafield tag="245" ind1="1" ind2="3">
    <subfield code="a">al-Mu&#x1E6D;awwal,</subfield>
    <subfield code="b">ma&#x2BB;a &#x1E25;&#x101;sh&#x12B;yat al-jadidah al-muf&#x12B;dah, a&#x2BB;n&#x12B; bah al-mi&#x2BB;wal.</subfield>
  </datafield>
  <datafield tag="260" ind1=" " ind2=" ">
    <subfield code="a">Dihl&#x12B;,</subfield>
    <subfield code="b">Kutub&#x2B9;kh&#x101;nah-&#x2BC;i Rash&#x12B;d&#x12B;yah</subfield>
    <subfield code="c">[196-?]</subfield>
  </datafield>
  <datafield tag="300" ind1=" " ind2=" ">
    <subfield code="a">180 p.</subfield>
    <subfield code="c">28 cm.</subfield>
  </datafield>
  <datafield tag="500" ind1=" " ind2=" ">
    <subfield code="a">Reproduced from MS. copy.</subfield>
  </datafield>
  <datafield tag="500" ind1=" " ind2=" ">
    <subfield code="a">A commentary by al-Taft&#x101;z&#x101;n&#x12B; entitled al-Mu&#x1E6D;awwal, on Talkh&#x12B;&#x1E63; al-Mift&#x101;&#x1E25; by al-Qazwini. The latter work is itself an extract from al-Sakk&#x101;k&#x12B;'s Mift&#x101;&#x1E25; al-&#x2BB;Ul&#x16B;m, part 3 (&#x2BB;Ilm al-ma&#x2BB;&#x101;n&#x12B; wa-al-bay&#x101;n)</subfield>
  </datafield>
  <datafield tag="650" ind1=" " ind2="0">
    <subfield code="a">Arabic language</subfield>
    <subfield code="x">Rhetoric.</subfield>
  </datafield>
  <datafield tag="700" ind1="1" ind2=" ">
    <subfield code="a">Qazw&#x12B;n&#x12B;, Jal&#x101;l al-D&#x12B;n Mu&#x1E25;ammad ibn &#x2BB;Abd al-Ra&#x1E25;m&#x101;n,</subfield>
    <subfield code="d">1267 or 1268-1338.</subfield>
    <subfield code="t">Talkh&#x12B;&#x1E63; al-Mift&#x101;h.</subfield>
  </datafield>
  <datafield tag="999" ind1=" " ind2=" ">
    <subfield code="c">84435</subfield>
    <subfield code="d">84435</subfield>
  </datafield>
</record>
